| 000 | 00646cam a22002291 4500 | ||
|---|---|---|---|
| 001 | sa 68001756 | ||
| 003 | DLC | ||
| 005 | 20260227112436.0 | ||
| 008 | 900212s1965 ii c 000 0 sano | ||
| 010 | _asa 68001756 | ||
| 035 | _a(OCoLC)21052551 | ||
| 040 |
_aDLC _cWaU _dDLC |
||
| 041 | 0 | _asanhin | |
| 042 | _apremarc | ||
| 050 | 0 | 0 |
_aPK541 _b.K25 |
| 100 | 1 | _aKāṅkara, Nārāyaṇa Śāstrī. | |
| 245 | 1 | 0 | _aVyākaraṇa-sāhitya-prakāśa. |
| 260 | _c1965 | ||
| 300 |
_a2, 6, 38, 757, 208 p. _bport. _c19 cm. |
||
| 500 | _aIn Sanskrit; introductory matter, explanations and notes in Hindi. | ||
| 650 | 0 |
_aSanskrit language _xGrammar. |
|
| 999 |
_c78209 _d78209 |
||